Quick Pick: Latin Phrases Quiz Stats

Quiz Updated Jul 12, 2016

Challenge
Share
Tweet
Embed
Score 0/12 Timer 01:00
0 Plays Today
% Correct
Carpe
90.2%
Vici
88.7%
Grata
82.5%
Culpa
81.7%
Fidelis
78.3%
Pluribus
78.1%
Post
71.8%
Bene
71.3%
Scriptum
70.7%
Rasa
69%
Mori
61.7%
Requiescat
60.9%

Today's Daily Dose

Missing Word
1974 Movies A-Z

Word Ladder
The White Album

Quick Pick
Gods of War

On This Day
February 22nd II

You're not logged in!

Compare scores with friends on all Sporcle quizzes.
Sign Up with Email
OR
Log In

You Might Also Like...

Show Comments

Extras

Top Quizzes Today


Score Distribution

Your Account Isn't Verified!

In order to create a playlist on Sporcle, you need to verify the email address you used during registration. Go to your Sporcle Settings to finish the process.